| 000 | 01388nam a2200361 i 4500 | ||
|---|---|---|---|
| 001 | 000022060 | ||
| 003 | DO-SdBNP | ||
| 005 | 20250820140301.0 | ||
| 007 | ta | ||
| 008 | 100916s2005 dr c 000 0 spa d | ||
| 020 | _a9993467219 | ||
| 040 |
_aDO-SdBNP _bspa _cBNPHU _erda |
||
| 041 | _aspa | ||
| 082 | 4 |
_a330.97293 _bD473c, 2005 _222 |
|
| 100 | 1 |
_aDespradel, Carlos, _d1942- _eautor _4aut. _99280 |
|
| 245 | 1 | 0 |
_a40 años de economía dominicana / _cCarlos Despradel. |
| 246 | 1 | 3 | _aCuarenta años de economía dominicana |
| 264 | 1 |
_aSanto Domingo : _bEditora Búho, _c2005. |
|
| 300 |
_a368 páginas : _bilustraciones, retratos ; _c23 cm. |
||
| 336 |
_atexto _btxt _2rdacontent |
||
| 337 |
_asin mediación _bn _2rdamedia |
||
| 338 |
_avolumen _bnc _2rdacarrier |
||
| 500 | _aIncluye datos biográficos del autor en la solapa de la contracubierta | ||
| 504 | _aBibliografía : páginas 367-368 | ||
| 590 | _aInventariado, 2018/ YL | ||
| 650 | 4 |
_aCrisis financiera _zRepública Dominicana _xHistoria _926123 |
|
| 650 | 4 |
_aBancos _zRepública Dominicana _xHistoria _926124 |
|
| 651 | 4 |
_aRepública Dominicana _xCondiciones económicas _xHistoria _y1961- _943863 |
|
| 651 | 4 |
_aRepública Dominicana _xPolítica económica _xHistoria _910018 |
|
| 651 | 4 |
_aRepública Dominicana _xCondiciones económicas _xHistoria _91210 |
|
| 910 | _aValidado. Control de calidad MFF | ||
| 942 |
_2ddc _cLBS1 |
||
| 999 |
_c21558 _d21558 |
||